Décadas del nuevo mundo: libro IV y V

Gorde:
Xehetasun bibliografikoak
Egile nagusia: Mártir de Anglería, Pedro
Formatua: Texto
Argitaratua: s.n.t. :
Etiketak: Etiketa erantsi
Etiketarik gabe, Izan zaitez lehena erregistro honi etiketa jartzen!

MARC

LEADER 00000 a a2200000 04500
001 16732
003
040
090 |a 003800  
100 |a Mártir de Anglería, Pedro  
245 |a Décadas del nuevo mundo: libro IV y V  
260 |a s.n.t. :  
300 |a s.p  
999 |c 14131  |d 14131